000 00661nam a2200193Ia 4500
003 GCL
008 140319s9999 xx 000 0 ara d
040 _aGCL /
_cGCL
082 0 4 _a250.904
_bا ا
100 1 _aالشافعى، ابوعبدالله محمد بن ادريس، 767-819 م
245 1 0 _aالام /
_cالشافعى، ابوعبدالله محمد بن ادريس، 767-819 م
260 _aالقاهرة :
_bدار الغد العربى ،
_c1990
300 _a8 مج ؛
_c24 سم
490 _a
650 0 4 _aالفقه الشافعى
650 0 4 _aالفقه الاسلامى
650 0 4 _aالمذهب الشافعى
942 _2ddc
_cBK
999 _c54338
_d54338